Letteratura latina - Statistics

Statistiche generali
  • Questo quiz è stato fatto 334 volte
  • Il punteggio medio è 18 su 33
Statistiche sulle risposte
Opera Risposta % Corretto
De bello Gallico Cesare
96%
Eneide Virgilio
94%
Metamorfosi Ovidio
89%
Tusculanae Disputationes Cicerone
86%
Epistulae Morales ad Lucilium Seneca
80%
De rerum natura Lucrezio
78%
Liber (Carmina) Catullo
77%
Annales Tacito
74%
Satyricon Petronio
71%
Ab Urbe condita libti Tito Livio
70%
Amphitruo Plauto
69%
Metamorfosi (Asino d'oro) Apuleio
66%
Carmen saeculare Orazio
64%
Confessiones Agostino
63%
Bellum Iugurthinum Sallustio
63%
Heautontimorumenos Terenzio
58%
Bellum civile (Pharsalia) Lucano
57%
Epigrammi Marziale
56%
Institutio oratoria Quintiliano
55%
Naturalis Historia Plinio il Vecchio
54%
De architectura Vitruvio
49%
Panegirico a Traiano Plinio il Giovane
46%
Odusia Livio Andronico
43%
De vita Caesarum Svetonio
38%
Bellum Poenicum (Carmen belli Poenici) Nevio
37%
De agri cultura Catone il Censore
36%
De lingua Latina Varrone
26%
Chronicon Gerolamo
18%
Dictorum et factorum memorabilia libri novem Valerio Massimo
14%
Historiae Alexandri Magni Curzio Rufo
12%
Chorographia Pomponio Mela
11%
Astronomica Marco Manilio
10%
Vita Martini Sulpicio Severo
9%
Nessun quiz corrispondente trovato
Distribuzione punteggi
Percentuale di utenti per punteggio
Percentile per numero di risposta
I tuoi punteggi nel tempo
Non hai fatto questo quiz